| 000 | 00737nam a22002411 4500 | ||
|---|---|---|---|
| 001 | 10729 | ||
| 003 | BD-RjUL | ||
| 005 | 20211208235015.0 | ||
| 008 | 140125s1968 ne a b 001 0 eng | ||
| 035 | _a(BD-RjUL)10778 | ||
| 040 |
_aDLC _cDLC _dDLC _dBD-RjUL _beng |
||
| 041 | _aeng | ||
| 082 | 0 | 0 |
_a551.303 _bALC 1968 |
| 100 | 1 |
_aAllen, John R. L. _933189 |
|
| 245 | 1 | 0 |
_aCurrent ripples : _btheir relation to patterns of water and sediment motion _cJohn R. L. Allen. |
| 260 |
_aAmsterdam : _bNorth-Holland Pub. Co., _c1968. |
||
| 300 |
_axiii, 433 p. ; _billus. ; _c27 cm. |
||
| 504 | _aBibliography: p. [415]-422. and index. | ||
| 650 | 0 |
_aRipple-marks. _932673 |
|
| 942 |
_2ddc _cBK |
||
| 999 |
_c10729 _d10729 |
||